| 000 | 00565nam a2200217 a 4500 | ||
|---|---|---|---|
| 001 | 0001-2165 | ||
| 003 | ELIB.Books | ||
| 008 | 190727 2010 eng | ||
| 020 | _a0800625986 | ||
| 092 |
_a220.07 _bDan |
||
| 100 | _aDanker, Frederick W. | ||
| 245 | _aMultipirpose Tools for Bible Study | ||
| 260 |
_aMinneapolis _bFortress Press _c1993 |
||
| 300 |
_a330 _c23cm |
||
| 650 | _aBible-Criticism | ||
| 856 |
_nKBTS Library _uKBTS Elib |
||
| 942 |
_2ddc _cBK |
||
| 990 | _a1 | ||
| 998 |
_aEnglishbooks.elf _ccat _e2019-07-27 |
||
| 999 |
_c12165 _d12165 |
||